000 01264nam0a22003251 4500
001 rc\3603916
005 20130115143232.3
021 _aRU
_b70-54374
021 _aRU
_bРг9893-71
035 _a(NLR Aleph) 007708827
090 _a6827844
_c6827844
100 _a20130115d1970 |||y0rusy50 ca
101 0 _arus
_ager
102 _aRU
105 _ay z |||||
200 1 _aПособие по общественно-политической лексике немецкого языка
_e[Учеб. пособие для студентов ин-тов и фак. иностр. яз.]
210 _aМосква
_cВысш. школа
_d1970
215 _a192 с.
_d20
300 _aНа обл. загл.: Politisches wortgut im Deutschunterricht
300 _aПеред загл. авт.: А.Д. Райхштейн, А.С. Лурье, Л.Г. Маркина, В.А. Соловьян
512 0 _aPolitisches wortgut im Deutschunterricht
701 1 _aЛурье
_bА. С.
701 1 _aМаркина
_bЛ. Г.
701 1 _aСоловьян
_bВ. А.
701 1 _aРайхштейн
_bА. Д.
_gАлександр Давидович
801 0 _aRU
_bNLR
_gpsbo
801 1 _aRU
_bELAR
_2rusmarc
852 _aNLR
_j71-3/6808
942 _cBOOK
980 _aNB